000 00622cam a22002173a 4500
001 38921
003 PGUSA
005 20140828083847.0
008 120218s2012||||xxu|||||s|||||000 | eng d
040 _aPGUSA
_beng
042 _adc
100 1 _aHungerford, Edward,
_d1875-1948
245 1 4 _aThe Romance of a Great Store
_h[electronic resource] /
_cEdward Hungerford
260 _bProject Gutenberg,
_c2012
506 _aPublic domain in the USA.
516 _aElectronic text
700 1 _aBailey, Vernon Howe
830 0 _aProject Gutenberg
_v38921
856 4 0 _uhttp://www.gutenberg.org/ebooks/38921
942 _cEB
999 _c268174
_d268174